000 00264nam a22001097a 4500
008 180806b xxu||||| |||| 00| 0 eng d
082 _a813.52
245 _aPhysical Assessment Findings CD-ROM
_cSaunders,W.B
260 _c2000
300 _a1
_fCD
942 _2ddc
_cMX
999 _c46824
_d46824